000 00422nam a2200181Ia 4500
001 2944
005 20260306144844.0
008 260306t1977||||xx |||||||||||||| ||spa||
041 _aESP
082 _a234
_bV937
100 _aVerweyen, Hansjürgen
_eAUT
245 0 _aChristologische Brennpunkte
260 _c1977
300 _a140 páginas :
_c19 cm.
650 _aGEN
654 _aCHU
942 _cLIB
_dJUS
_fJUS
_2ddc
_n
999 _c2944
_d2944